000 00748nam a2200217Ia 4500
003 GCL
008 140319s9999 xx 000 0 ara d
040 _aGCL /
_cGCL
082 0 4 _a636.1
_bم ج
100 1 _aمركز المخطوطات والتراث والوثائ
245 1 0 _aالجواد العربى فى الفروسية وتربية الخيل وبيطرتها /
_cمركز المخطوطات والتراث والوثائ
260 _a[S.N] :
_bمركز المخطوطات والتراث والوثائق ،
_c1993
300 _a344 ص
490 _a
650 0 4 _aالتربية
650 0 4 _aالخيل
650 0 4 _aتدريب
650 0 4 _aالفروسية
650 0 4 _aالحيوانات - تربية
942 _2ddc
_cBK
999 _c35211
_d35211